Normal view
MARC view
Entry Topical Term
001 - CONTROL NUMBER
- control field: 5870
003 - CONTROL NUMBER IDENTIFIER
- control field: BD-RjUL
005 - DATE AND TIME OF LATEST TRANSACTION
- control field: 20221116115006.0
008 - FIXED-LENGTH DATA ELEMENTS
- fixed length control field: 221116|| aca||aabn | a|a d
040 ## - CATALOGING SOURCE
- Original cataloging agency: BD-RjUL
- Transcribing agency: BD-RjUL
150 ## - HEADING--TOPICAL TERM
- Topical term or geographic name entry element: Water ooliution
- General subdivision: Arsenic
- Geographic subdivision: Bangladesh
- Geographic subdivision: Chapainawabganj
670 ## - SOURCE DATA FOUND
- Source citation: Work cat.: (BD-RjUL)80787: ISLAM, MD. SHARIFUL 1825, ARSENIC CONTAMINATION OF GROUNDWATER IN CHAPAINAWABGANJ, BANGLADESH :, 2002